Marki samochodów na literę B - Statystyki

Ogólne statystyki
  • Ten quiz został rozwiązany 52 razy
  • Średni wynik to 4 z 34
Statystyki odpowiedzi
Kraj Marka % Poprawnych
Wielka Brytania Bentley
89%
Niemcy BMW
89%
Francja Bugatti
83%
Niemcy Brabus
30%
USA Buick
28%
Chiny BAIC
6%
Chiny BAW
4%
Chiny Beijing
4%
Chiny Bestune
4%
Hiszpania Baltasar
2%
Niemcy Bitter
2%
Niemcy Boldmen
2%
USA Bollinger
2%
Chiny Bordrin
2%
Niemcy Borgward
2%
USA Bright
2%
Rosja Bronto
2%
Francja Ballot
0%
Chiny Baojun
0%
Wielka Brytania Beardmore
0%
Kanada Beaumont
0%
Wielka Brytania Bedford
0%
Francja Bignan
0%
Australia Bolwell
0%
Wielka Brytania/Australia Brabham
0%
USA Bremach
0%
Wielka Brytania Briggs
0%
USA BrightDrop
0%
Chiny Brilliance
0%
Wielka Brytania Bristol Cars
0%
Norwegia Buddy Electric
0%
Australia Bufori
0%
Chiny BYD Auto
0%
Chiny Byton
0%
Nie znaleziono quizów pasujących do podanych kryteriów
Rozkład punktacji
Procent ludzi z każdym wynikiem
Percentyl według liczby udzielonych odpowiedzi
Twoja historia wyników
Nie rozwiązałeś tego quizu